| 000 | 00730nam a2200217 a 4500 | ||
|---|---|---|---|
| 005 | 20240813063854.0 | ||
| 008 | 991125s1990 mx 000 0 spa u | ||
| 035 | _aUPN01000052036 | ||
| 049 | _aCG | ||
| 050 | 4 |
_aRC439 _bC5.78 1990 |
|
| 100 | 1 | _aCleland, Charles Carr | |
| 245 | 1 | 0 |
_aRetardo mental : _bconceptos para un cambio institucional / _cCharles Carr Cleland, Jon David Swartz ; tr. Federico Patán López. |
| 250 | _a2a ed. | ||
| 260 |
_aMéxico : _bTrillas, _c1990. |
||
| 300 | _a270 p. | ||
| 440 | 0 | _aBiblioteca técnica de psicología | |
| 650 | 0 |
_aPersonas con discapacidad mental _95134 |
|
| 650 | 4 |
_aENFERMOS MENTALES - _xCUIDADO Y TRATAMIENTO _919263 |
|
| 700 | 1 |
_aSwartz, Jon David, _ecoaut. |
|
| 905 | _aLibro | ||
| 999 |
_c52036 _d52036 |
||